Tuổi mười bảy

Salvato in:
Dettagli Bibliografici
Autore principale: Mátvêép, Ghécman
Natura: Libro
Tags: Aggiungi Tag
Nessun Tag, puoi essere il primo ad aggiungerne! !
Thư viện lưu trữ: Mạng thư viện Đại học Đà Nẵng
LEADER 00632nam a2200205 4500
001 000005156
003 1299
005 20150812140845.0
008 110810s sd
100 0 |a Mátvêép, Ghécman 
245 0 0 |a Tuổi mười bảy  |c Mátvêép, Ghécman 
774 |a Mátvêép, Ghécman  |b In lần thứ 2  |d Nxb. Phụ Nữ  |d H.  |d 1978  |g Tập 2  |h 467 tr  |n Dịch từ nguyên bản tiếng Nga  |w 1300 
OWN |a LSP 
999 |a From the UDN01 
TYP |a Monograph 
TYP |a Printed language 
980 |a Mạng thư viện Đại học Đà Nẵng